|
|
|
|
| LEADER |
00000nam a2200000Ii 4500 |
| 001 |
DIGARCOL0325 |
| 003 |
NyNyDIG |
| 006 |
m o d |
| 007 |
cr ||||||||||| |
| 008 |
241001s2012 sp ob 000 0 spa d |
| 035 |
|
|
|a (OCoLC)1459765909
|
| 040 |
|
|
|a DGITA
|b eng
|e rda
|e pn
|c DGITA
|
| 020 |
|
|
|z 9788476358559
|
| 050 |
1 |
4 |
|a PC4611 ebook
|
| 082 |
0 |
4 |
|a 463.028
|2 23
|
| 245 |
0 |
0 |
|a Lexicografía hispánica del siglo XXI :
|b nuevos proyectos y perspectivas : homenaje al profesor Cristóbal Corrales Zumbado /
|c edición coordinada por Dolores Corbella [and 5 others].
|
| 264 |
|
1 |
|a Madrid :
|b Arco/Libros, S. L.,
|c [2012]
|
| 300 |
|
|
|a 1 online resource.
|
| 336 |
|
|
|a text
|b txt
|2 rdacontent
|
| 337 |
|
|
|a computer
|b c
|2 rdamedia
|
| 338 |
|
|
|a online resource
|b cr
|2 rdacarrier
|
| 347 |
|
|
|a text file
|2 rdaft
|
| 347 |
|
|
|b PDF
|
| 504 |
|
|
|a Includes bibliographical references.
|
| 588 |
0 |
|
|a Online resource; title from PDF title page (Digitalia, viewed October 1, 2024)
|
| 650 |
|
0 |
|a Spanish language
|x Lexicography
|x History.
|
| 600 |
1 |
0 |
|a Corrales Zumbado, Cristóbal.
|
| 700 |
1 |
|
|a Corbella Díaz, Dolores,
|e editor.
|
| 700 |
1 |
|
|a Corbella Díaz, Dolores,
|e editor.
|
| 791 |
2 |
|
|a Digitalia (Firm),
|e distributor.
|
| 793 |
0 |
|
|g Digitalia eBook Collection:
|a Arco/Libros
|
| 776 |
0 |
8 |
|i Print version:
|t Lexicografía hispánica del siglo XXI.
|d Madrid : Arco/Libros, S. L., [2012]
|z 9788476358559
|
| 856 |
4 |
0 |
|3 Digitalia Hispánica
|u https://www.digitaliapublishing.com/a/138359/
|
| 910 |
|
|
|a Premium collection: 2024
|